| 000 | 00866nam a22002057a 4500 | ||
|---|---|---|---|
| 003 | 0 | ||
| 005 | 20250213101849.0 | ||
| 008 | 250212b xxu||||| |||| 00| 0 eng d | ||
| 050 |
_aT 58.62 _b.V45 2024 |
||
| 100 | _aVelez, Enrico Louis F. | ||
| 245 |
_aAuto utility AI : _ba car recommender system made for optimized car purchasing decisions. _cEnrico Louis F. Velez |
||
| 260 |
_aLas Pinas City _bSouthville International School and Colleges _c2024 |
||
| 300 |
_axv, 193 pages: _bcolored pictures and illustrations; _c28cm. |
||
| 500 | _aBachelor of Science in Information Technology. | ||
| 504 | _aIncludes bibliographical references and appendices. | ||
| 650 | _aArtificial Intelligence—Car recommendation systems. | ||
| 650 | _aAutomobile industry—Digital decision support. | ||
| 650 | _aMachine learning—Optimized car purchasing. | ||
| 942 |
_2lcc _cTH |
||
| 999 |
_c367182 _d367182 |
||